000 01217naa a22002897a 4500
001 BR9402222
003 BR-BrBNA
005 20240918181011.0
007 ta
008 230509b bl.||||| |||| 00| 0 por d
040 _aBR-BrBNA
_bpor
_cBiblioteca Nacional de Agricultura
041 _a(Pt)
072 _aP34
090 _aP34 BR9402222
100 1 _aPrimavesi, A.M.
100 1 _aCovolo, G.
111 1 _a2. Congresso Latino-Americano de Biologia do Solo
_cSanta Maria, RS (Brazil)
_d22-30 Jul 1968
245 1 _aEfeitos de diferentes adubos organicos e inorganicos sobre a fauna edafica do solo
260 3 _aSanta Maria, RS (Brasil):
_c1968.
500 _aProgressos em biodinamica e produtividade do solo. Excertos de trabalhos do 2. Congresso Latino-Americano de Biologia do Solo Santa Maria, RS (Brasil): 1968. p. 261-267 (BR9402222-AM)P34
650 _aBiologia do Solo
650 _aAdubo Organico
650 _aFauna Edafica
773 0 _tProgressos em biodinamica e produtividade do solo. Excertos de trabalhos do 2. Congresso Latino-Americano de Biologia do Solo
_wP34 BR9402222
_gSanta Maria, RS (Brasil), 1968. p. 261-267
909 _a202404
_bLucia
_c55
_dLucia Elande
942 _cAM
_2AGRIS
999 _c323114
_d323114